[Event "Petrov Mem Open"]
[Site "St Petersburg RUS"]
[Date "2002.02.13"]
[Round "2"]
[White "Yandarbiev,R"]
[Black "Askarov,M"]
[Result "0-1"]
[WhiteElo "2393"]
[BlackElo "2207"]

1.Nf3 d5 2.c4 c6 3.b3 Bg4 4.Ne5 Bh5 5.Bb2 Nf6 6.g3 e6 7.Bg2 Nbd7 8.O-O Nxe5
9.Bxe5 Bd6 10.Bb2 O-O 11.d3 Re8 12.Nc3 Qe7 13.Qc2 Ba3 14.h3 Bxb2 15.Qxb2 d4
16.Ne4 Nxe4 17.Bxe4 f5 18.Bg2 e5 19.b4 Rad8 20.Rad1 Rd6 21.Kh2 Qd7 22.a4 Rh6
23.Rh1 f4 24.Kg1 fxg3 25.fxg3 Rf6 26.g4 Bg6 27.Bf3 Qf7 28.Kg2 e4 29.dxe4 Bxe4
30.Rhf1 Bxf3+ 31.exf3 Qxc4 32.Qxd4 Rf4 33.Qxa7 Qc2+ 34.Kg3 Rxb4 35.Rde1 Rf8
36.Re7 Qb3 37.a5 Qd3 38.Rf2 Qd6+  0-1

[Event "ch-Serbia"]
[Site "Leskovac YUG"]
[Date "2002.02.15"]
[Round "1"]
[White "Arsovic,G"]
[Black "Puzic,S"]
[Result "1-0"]
[WhiteElo "2437"]
[BlackElo "2233"]

1.Nf3 d5 2.c4 c6 3.e3 Nf6 4.Nc3 Bg4 5.Qb3 Bc8 6.d4 e6 7.Bd3 Bd6 8.O-O Nbd7
9.Qc2 h6 10.b3 O-O 11.Bb2 b6 12.Rad1 Bb7 13.Rfe1 Rc8 14.e4 dxe4 15.Nxe4 Nxe4
16.Bxe4 Qc7 17.Qc3 Be7 18.b4 Bf6 19.c5 bxc5 20.bxc5 Ba6 21.g3 Rfe8 22.Bc2 Bb5
23.Re3 Be7 24.Bb3 Red8 25.d5 Bf6 26.d6 Qb7 27.Nd4 a5 28.a4 Ba6 29.Qxa5 Ra8
30.Qc3 Rdb8 31.Qc2 Rc8 32.Ba3 Rab8 33.h4 Re8 34.Ba2 Rec8 35.Rb3 Qa8 36.Rxb8 Rxb8
37.Nxe6 Ne5 38.Nxg7 Qa7 39.Kg2 Bc8 40.f3 h5 41.Ne6  1-0

[Event "US Amateur Team East"]
[Site "Parsipanny USA"]
[Date "2002.02.16"]
[Round "1"]
[White "Benjamin,Joe"]
[Black "Karell,L"]
[Result "1-0"]
[WhiteElo "2593"]
[BlackElo "2123"]

1.Nf3 d5 2.c4 c6 3.Qc2 Nf6 4.g3 e6 5.d4 Bd6 6.Nbd2 Nbd7 7.Bg2 O-O 8.O-O Re8
9.b3 e5 10.dxe5 Nxe5 11.Bb2 Qe7 12.cxd5 Nxd5 13.Nd4 Ba3 14.Bxa3 Qxa3 15.e4 Nb6
16.Rad1 Bg4 17.f3 Rad8 18.Nb1  1-0

[Event "ch-Serbia"]
[Site "Leskovac YUG"]
[Date "2002.02.17"]
[Round "3"]
[White "Arsovic,Z"]
[Black "Irizanin,R"]
[Result "1-0"]
[WhiteElo "2404"]
[BlackElo "2099"]

1.Nf3 d5 2.c4 e6 3.g3 c6 4.Qc2 Nf6 5.Bg2 Nbd7 6.O-O Bd6 7.d4 O-O 8.b3 Qe7
9.Nc3 b6 10.Nd2 Bb7 11.e4 dxe4 12.Ndxe4 Nxe4 13.Nxe4 h6 14.Nxd6 Qxd6 15.Bf4 Qe7
16.Rfe1 Nf6 17.Rad1 Rfd8 18.h3 a5 19.a4 Rd7 20.Bc1 Qd8 21.Bb2 Rc8 22.Qe2 b5
23.axb5 cxb5 24.d5 exd5 25.cxd5 b4 26.Rd2 Rd6 27.Red1 Ba6 28.Qe3 Nd7 29.Bd4 Bb5
30.Qf4 Qc7 31.Bb2 Re8 32.Rc1 Qb8 33.Rdc2 Nf6 34.Be5 Red8 35.Bxd6 Qxd6 36.Qxd6 Rxd6
37.Rc8+ Kh7 38.R8c5 Bd3 39.Rxa5 Be4 40.Bxe4+ Nxe4 41.Rc4 Nd2 42.Rxb4 Kg6
43.Kg2 Kf6  1-0

[Event "ch-Serbia"]
[Site "Leskovac YUG"]
[Date "2002.02.19"]
[Round "5"]
[White "Arsovic,G"]
[Black "Marcetic,N"]
[Result "1/2-1/2"]
[WhiteElo "2437"]
[BlackElo "2357"]

1.Nf3 d5 2.c4 e6 3.d4 Nf6 4.Nc3 Be7 5.Bg5 O-O 6.e3 h6 7.Bxf6 Bxf6 8.Qb3 c6
9.Be2 a5 10.Qc2 Nd7 11.Rd1 Qe7 12.O-O dxc4 13.Bxc4 b5 14.Bd3 Bb7 15.Ne4 Rac8
16.Rc1 b4 17.Nfd2 e5 18.Nc5 Nxc5 19.dxc5 Ra8 20.Ne4 Rfd8 21.Nd6 Ba6 22.Bxa6 Rxa6
23.Rfd1 Qe6 24.b3 Be7 25.Rd2 a4 26.bxa4 Rda8 27.Qb3 Rxa4 28.Qxe6 fxe6 29.Rb2 Rxa2
30.Rxb4 Bxd6 31.cxd6 Rd8 32.Re4 Rxd6 33.Rxe5 Rc2 34.Rf1 c5 35.g4 Kf7 36.Kg2 Rc4
37.f4 Rd5 38.Rxd5 exd5 39.Ra1 Rc2+ 40.Kg3 Rc3 41.Kf2 Rc2+ 42.Kg3 Rc3 43.Kf2  1/2-1/2

[Event "Petrov Mem Open"]
[Site "St Petersburg RUS"]
[Date "2002.02.19"]
[Round "8"]
[White "Mirovshchikov,S"]
[Black "Zemerov,V"]
[Result "1/2-1/2"]
[WhiteElo "2402"]
[BlackElo "2317"]

1.Nf3 d5 2.c4 e6 3.d4 c6 4.e3 f5 5.Be2 Nf6 6.O-O Bd6 7.b3 Qe7 8.a4 a5 9.Ba3 Bxa3
10.Nxa3 O-O 11.Ne5 Nbd7 12.Nxd7 Bxd7 13.Nc2 Kh8 14.Ne1 Ne4 15.Nd3 Rf6 16.f3 Nd6
17.c5 Nf7 18.f4 Rh6 19.Qe1 g5 20.g3 Be8 21.Qf2 g4 22.Rfb1 Rg6 23.Bf1 h5 24.b4 axb4
25.a5 h4 26.Rxb4 hxg3 27.hxg3 Rh6 28.a6 bxa6 29.Rab1 Rh7 30.Rb8 Rxb8 31.Rxb8 Kg7
32.Qb2 Rh8 33.Ra8 Kf6 34.Rxa6 Qf8 35.Rb6 Qh6 36.Qg2 Bd7 37.Nb4 Nd8 38.Bd3 Qh7
39.Bf1 Qh5 40.Nd3 Nf7 41.Rb7 Be8 42.Rc7 Qh6 43.Nb4 Nd8 44.Ba6 Qh5 45.Nd3 Nf7
46.Bc8 Nd8 47.Ne5 Rh7 48.Bd7 Qh6 49.Ra7 Qf8 50.Rc7 Qh6 51.Ra7 Qf8 52.Rc7  1/2-1/2

[Event "Donald Byrne Mem"]
[Site "Penn State USA"]
[Date "2002.02.20"]
[Round "7"]
[White "Simpson,R"]
[Black "Schneider,Ig"]
[Result "0-1"]
[WhiteElo "2290"]
[BlackElo "2331"]

1.Nf3 d5 2.c4 c6 3.b3 Nf6 4.Bb2 Bf5 5.h3 e6 6.Nh4 Bg6 7.Nxg6 hxg6 8.e3 Bd6
9.Be2 Nbd7 10.d3 g5 11.Nd2 Nf8 12.O-O Ng6 13.Re1 Qd7 14.a3 O-O-O 15.e4 dxe4
16.Nxe4 Nxe4 17.dxe4 Qc7 18.Qc2 Bc5 19.Bg4 Qg3 20.Kh1  0-1

[Event "Open"]
[Site "Antalya TUR"]
[Date "2002.02.22"]
[Round "1"]
[White "Grunberg,M"]
[Black "Can,E"]
[Result "1-0"]
[WhiteElo "2463"]
[BlackElo "2014"]

1.Nf3 d5 2.c4 e6 3.g3 dxc4 4.Qa4+ c6 5.Qxc4 b5 6.Qc2 Bb7 7.Bg2 Nd7 8.O-O Ngf6
9.d4 Bd6 10.e4 Be7 11.Nc3 O-O 12.Rd1 Qb6 13.Be3 Ng4 14.Bf4 Ngf6 15.a4 a5
16.Ne5 Rfd8 17.Be3 b4 18.Ne2 Qc7 19.Nc4 Ba6 20.Rac1 e5 21.dxe5 Ng4 22.Bf4 Qa7
23.Nd4 Bxc4 24.Nxc6 Qc5 25.Nxe7+ Qxe7 26.Qxc4 Ndxe5 27.Qe2 Nf6 28.Qb5 Nfg4
29.h3 Rab8 30.Rxd8+ Qxd8 31.Qe2 Nd3 32.Rd1 Ngxf2 33.Bxb8 Nxd1 34.Qxd1 Qb6+
35.Kh2  1-0

[Event "ch-Serbia"]
[Site "Leskovac YUG"]
[Date "2002.02.23"]
[Round "9"]
[White "Arsovic,Z"]
[Black "Marcetic,N"]
[Result "1-0"]
[WhiteElo "2404"]
[BlackElo "2357"]

1.Nf3 d5 2.c4 e6 3.g3 Nf6 4.Bg2 dxc4 5.Qa4+ c6 6.Qxc4 b5 7.Qc2 Bb7 8.d4 Nbd7
9.a4 a6 10.Ne5 Nd5 11.O-O c5 12.Nxd7 Qxd7 13.dxc5 Rc8 14.axb5 axb5 15.e4 Nb4
16.Qe2 Bxc5 17.Rd1 Qc6 18.Nc3 O-O 19.Bf4 Qb6 20.Rd2 Rfd8 21.Rad1 Rxd2 22.Rxd2 Nc6
23.Qxb5 Qa7 24.Bd6 Nd4 25.Bxc5 Nxb5 26.Bxa7 Nxa7 27.Rd7 Rb8 28.f4 g6 29.Kf2 Nb5
30.Nxb5 Bc6 31.Rd4 Rxb5 32.b4 e5 33.Rc4 Bd7 34.Bf1 exf4 35.gxf4 Rh5 36.Kg3 Kg7
37.Rc7 Bb5 38.Bh3 Bd3 39.e5 Kf8 40.Bg4 Rh6 41.Rc6 Kg7 42.Rd6 Bb5 43.h4 g5
44.fxg5  1-0

[Event "2nd HCC"]
[Site "Helsinki FIN"]
[Date "2002.02.25"]
[Round "1"]
[White "Porrasmaa,T"]
[Black "Tella,J"]
[Result "1/2-1/2"]
[WhiteElo "2220"]
[BlackElo "2440"]

1.Nf3 d5 2.c4 c6 3.b3 Nf6 4.g3 Bg4 5.Bg2 Nbd7 6.O-O e6 7.Bb2 Bd6 8.d3 Bxf3
9.exf3 O-O 10.f4 Re8 11.Nd2 a5 12.Nf3 a4 13.Ne5 Qb6 14.d4 dxc4 15.Nxc4 Qc7
16.bxa4 Nb6 17.Nxb6 Qxb6 18.Qb3 Qa6 19.Rfc1 Re7 20.Ba3 Bxa3 21.Qxa3 Rd7 22.Rab1 Rxd4
23.Rb4 Rxb4 24.Qxb4 Rd8 25.h3 h6 26.Rb1 Rd7 27.a5 Nd5 28.Qc5 Qe2 29.a3 Qd3
30.Rc1 Nf6 31.Bf1 Qd2 32.Rc2 Qd1 33.Rc1 Qf3 34.Rc3 Qe4 35.a6 bxa6 36.Qxc6 Qe1
37.Rc1 Qd2 38.Rc2 Qd4 39.Qa8+ Kh7 40.Qxa6 Qa1 41.Kg2 Rd1 42.Be2 Rg1+ 43.Kf3 e5
44.Bd3+ e4+ 45.Bxe4+ Nxe4 46.Kxe4 Re1+ 47.Re2 Rxe2+ 48.Qxe2 Qxa3  1/2-1/2

[Event "Open"]
[Site "Malaga ESP"]
[Date "2002.02.28"]
[Round "7"]
[White "Labollita,M"]
[Black "Komljenovic,D"]
[Result "1/2-1/2"]
[WhiteElo "2398"]
[BlackElo "2505"]

1.Nf3 d5 2.c4 e6 3.e3 Nf6 4.b3 c5 5.Bb2 dxc4 6.Bxc4 Nc6 7.O-O Be7 8.Be2 O-O
9.d3 b6 10.a3 Bb7 11.Qc2 Rc8 12.Nbd2 Nd5 13.Rac1 Bf6 14.Rfe1 Bxb2 15.Qxb2 Qc7
16.Bf1 e5 17.Nc4 Rfe8 18.Nfd2 b5 19.e4 Nf4 20.Ne3 Red8 21.Qb1 Nd4 22.g3 Nh5
23.b4 cxb4 24.axb4 Nf6 25.Qb2 a6 26.Red1 h6 27.Qa3 Qd6 28.Nb3 Nxb3 29.Qxb3 g6
30.Qb1 Rxc1 31.Rxc1 Rc8 32.Rxc8+ Bxc8 33.Qc1 Be6 34.Qc3 Nd7 35.Be2 h5 36.Nc2 Nb6
37.d4 Na4 38.Qe3 exd4 39.Nxd4 Bb3 40.Qd2 Qc7 41.f3 Qc3 42.Qxc3 Nxc3 43.Kf2 Kf8
44.Ke3 Na2 45.Nc6 Be6 46.Nb8 Bc8 47.Kd4 Nxb4 48.Kc3 a5 49.Bxb5 Ke7 50.Nc6+ Nxc6
51.Bxc6 Kd6 52.Be8 Be6 53.f4 Kc5 54.Ba4 Ba2 55.Be8 Bc4 56.Ba4 Be6 57.Be8 Ba2
58.Ba4 Bb1 59.Be8 Bxe4 60.Bxf7 Bf5 61.h3 Be4 62.f5 Bxf5 63.g4 hxg4 64.hxg4 Be4
65.Bxg6  1/2-1/2

[Event "Cupa Martisor Open"]
[Site "Bucharest ROM"]
[Date "2002.03.04"]
[Round "6"]
[White "Grunberg,F"]
[Black "Buescu,N"]
[Result "1-0"]
[WhiteElo "2381"]
[BlackElo "2245"]

1.Nf3 d5 2.c4 c6 3.b3 Nf6 4.g3 Bg4 5.Bg2 Nbd7 6.O-O e6 7.Bb2 Be7 8.d3 O-O
9.Nbd2 a5 10.a3 h6 11.Qc2 Qb8 12.e4 e5 13.d4 exd4 14.Nxd4 dxe4 15.Nxe4 Re8
16.h3 Bh5 17.Nf5 Bg6 18.Nxe7+ Rxe7 19.Nxf6+ Nxf6 20.Qc3 Qc7 21.Rfe1 Rae8
22.Rxe7 Rxe7 23.Re1 Rd7 24.Qc1 Qd8 25.b4 axb4 26.axb4 Kh7 27.Qa1 Ne8 28.Bf3 f6
29.h4 Nd6 30.Qc1 Bd3 31.c5 Nb5 32.Qe3 Bc2 33.Qe8 Nd4 34.Bg4 f5 35.Bh5 Qxe8
36.Rxe8 Be4  1-0

[Event "2nd HCC"]
[Site "Helsinki FIN"]
[Date "2002.03.04"]
[Round "7"]
[White "Porrasmaa,T"]
[Black "Lehikoinen,P"]
[Result "0-1"]
[WhiteElo "2220"]
[BlackElo "2229"]

1.Nf3 d5 2.c4 d4 3.g3 Nc6 4.Bg2 e5 5.O-O Nf6 6.d3 a5 7.e3 dxe3 8.Bxe3 Be7
9.Nc3 O-O 10.h3 Bf5 11.d4 exd4 12.Nxd4 Nxd4 13.Qxd4 Qc8 14.g4 Bg6 15.Rfe1 Rd8
16.Nd5 Nxd5 17.cxd5 Bd6 18.Rac1 Qd7 19.Bd2 c5 20.Qc3 b6 21.Qf3 Qc7 22.Bc3 Re8
23.a3 h6 24.b3 Rad8 25.Ba1 Bf4 26.Rcd1 Qd6 27.Bb2 f6 28.Ra1 Bf7 29.Rxe8+ Rxe8
30.Rd1 Bg6 31.Qc3 Re2 32.Ba1 Ra2 33.Bb2 Be5  0-1

[Event "2nd HCC"]
[Site "Helsinki FIN"]
[Date "2002.03.07"]
[Round "10"]
[White "Porrasmaa,T"]
[Black "Hansen,Vi"]
[Result "0-1"]
[WhiteElo "2220"]
[BlackElo "2151"]

1.Nf3 d5 2.c4 c6 3.b3 Nf6 4.g3 Qb6 5.Bg2 e5 6.O-O e4 7.Ne1 h5 8.Nc3 h4 9.d3 hxg3
10.hxg3 Bd6 11.c5 Qxc5 12.Na4 Qa5 13.dxe4 Be5 14.exd5 Bxa1 15.Bd2 Qc7 16.Qxa1 cxd5
17.Nd3 Bh3 18.Rc1 Nc6 19.Bf3 Kf8 20.b4 Qd7 21.b5 Ne7 22.Bb4 Kg8 23.Ne5 Qxb5
24.Bxe7 Qxa4 25.Bxf6 gxf6 26.Ng6 fxg6 27.Bxd5+ Kg7 28.Rc7+ Bd7 29.Bb3 Qb5
30.Qd4 Rad8 31.e4 Rh1+ 32.Kg2 Re1 33.Bc4 Qa4 34.Qd5 Qd1 35.Rxd7+ Rxd7 36.Qg8+ Kh6
37.Qh8+ Rh7 38.Qf8+ Kh5 39.Qxf6 Rg1+ 40.Kh2 Kg4+  0-1

[Event "Anibal Open"]
[Site "Linares ESP"]
[Date "2002.03.07"]
[Round "7"]
[White "Labollita,M"]
[Black "Gyimesi,Z"]
[Result "0-1"]
[WhiteElo "2398"]
[BlackElo "2606"]

1.Nf3 d5 2.c4 e6 3.cxd5 exd5 4.d4 c6 5.Nc3 Bf5 6.Bg5 Qb6 7.Na4 Qa5+ 8.Bd2 Qc7
9.Qb3 Nd7 10.Rc1 Ngf6 11.Bb4 Be4 12.Nd2 O-O-O 13.Bxf8 Rhxf8 14.Nc3 Qb6 15.Qxb6 Nxb6
16.Ndxe4 Nxe4 17.Nxe4 dxe4 18.e3 f5 19.g3 g5 20.h4 f4 21.Bg2 Nd5 22.Bxe4 fxe3
23.f3 gxh4 24.Rxh4 Rg8 25.Bxd5 Rxd5 26.Rc3 Rxg3 27.Rxe3 h5 28.Kf2 Rdg5 29.Rh2 h4
30.f4 Rg7 31.f5 R3g4 32.Re8+ Kc7 33.Rh8 Rf4+ 34.Ke3 Rgg4 35.f6 Re4+ 36.Kd3 Rxd4+
37.Kc3 Rdf4 38.Rh7+ Kb6 39.f7 a5 40.a3 Ka6 41.Kb3 a4+ 42.Ka2 b5 43.Rc2 Rg6
44.Rxh4 Rxf7 45.Rh5 Kb6 46.Rhc5 Rff6 47.b3 axb3+ 48.Kxb3 Rg4 49.R2c3 Rd4
50.Rg5 Rfd6 51.Rh5 Rd3 52.Rh4 c5 53.Rh3 Ka5 54.Kb2 Rd2+ 55.Rc2 Ka4 56.Rh4+ c4
57.Rh3 Rxc2+ 58.Kxc2 Rd3  0-1

[Event "Anibal Open"]
[Site "Linares ESP"]
[Date "2002.03.08"]
[Round "8"]
[White "Halkias,S"]
[Black "Dominguez,L"]
[Result "1/2-1/2"]
[WhiteElo "2546"]
[BlackElo "2594"]

1.Nf3 d5 2.c4 c6 3.e3 Nf6 4.Nc3 e6 5.b3 Nbd7 6.Qc2 Bd6 7.Bb2 O-O 8.Be2 a6
9.d4 e5 10.cxd5 cxd5 11.dxe5 Nxe5 12.O-O Be6 13.Rac1 Rc8 14.Qb1 Nfg4 15.Nxe5 Nxe5
16.Rcd1 Qh4 17.f4 Ng4 18.Bxg4 Qxg4 19.h3 Qh4 20.f5 Bd7 21.Nxd5 Bb5 22.Rf3 f6
23.Rd4 Qh5 24.Rg4 Kh8 25.Qd1 Rcd8 26.e4 Bc6 27.Rd3 Qf7 28.Kh1 Bxd5 29.Rxd5 Bc7
30.Ba3 Rfe8 31.Bc5 Rxd5 32.exd5 Re5 33.Rd4 Qe8 34.Bb4 a5 35.Bc3 Bd6 36.Rc4 Re7
37.Bxa5 h6 38.Rc1 Re4 39.Bc3 Re3 40.Bd2 Qe5 41.Qg1 Rd3 42.Re1 Qxd5 43.Be3 Qxf5
44.Rd1 Be5 45.Rxd3 Qxd3 46.Qe1 h5  1/2-1/2

[Event "TCh-CZE 2001-2"]
[Site "CZE"]
[Date "2002.03.09"]
[Round "8"]
[White "Freisler,P"]
[Black "Dubansky,B"]
[Result "1-0"]
[WhiteElo "2336"]
[BlackElo "2228"]

1.Nf3 d5 2.c4 e6 3.g3 Nf6 4.Bg2 c5 5.O-O Nc6 6.cxd5 exd5 7.d4 Be7 8.Nc3 O-O
9.Bg5 cxd4 10.Nxd4 h6 11.Be3 Ne5 12.Qb3 Nc4 13.Bf4 Na5 14.Qc2 Bd6 15.Bxd6 Qxd6
16.Rfd1 Bd7 17.Nb3 Nc6 18.Nxd5 Nxd5 19.Rxd5 Qe7 20.Qc5 Be6 21.Qxe7 Nxe7 22.Rb5 Rab8
23.Rxb7  1-0

[Event "TCh-AUT 2001-2"]
[Site "Dornbirn AUT"]
[Date "2002.03.10"]
[Round "11"]
[White "Loeffler,S"]
[Black "Rabiega,R"]
[Result "1-0"]
[WhiteElo "2400"]
[BlackElo "2514"]

1.Nf3 d5 2.c4 e6 3.g3 dxc4 4.Qa4+ Nd7 5.Qxc4 b6 6.Bg2 Bb7 7.O-O Ngf6 8.b3 c5
9.Bb2 Be7 10.d4 O-O 11.Rd1 Rc8 12.Nc3 Qc7 13.dxc5 Qb8 14.Qf4 Qxf4 15.gxf4 Nxc5
16.Nb5 a6 17.Nd6 Bxd6 18.Rxd6 Nd5 19.Nd4 Rfd8 20.Rxd8+ Rxd8 21.e3 b5 22.Ba3 Nd3
23.Rd1 b4 24.Rxd3 bxa3 25.Nc2 Rc8 26.Rd2 h6 27.h3 g5 28.f5 exf5 29.Nxa3 Rc7
30.Bxd5 Rd7 31.Bxf7+ Rxf7 32.Nc4 Rc7 33.Rd6 Kg7 34.Kh2 Re7 35.Kg3 h5 36.h4 gxh4+
37.Kxh4 Bf3 38.Rxa6 Kh7 39.Rf6 Bg4 40.Nd6 Re5 41.Kg5  1-0

[Event "Weekender"]
[Site "Zwolle NED"]
[Date "2002.03.10"]
[Round "6"]
[White "Kabatianski,A"]
[Black "Gorbatov,A"]
[Result "0-1"]
[WhiteElo "2452"]
[BlackElo "2416"]

1.Nf3 d5 2.c4 d4 3.b4 Bg4 4.d3 Bxf3 5.exf3 e5 6.Qb3 Qe7 7.Ba3 Qe6 8.g3 a5
9.bxa5 Bxa3 10.Qxb7 Qa6 11.Qxa6 Bb4+ 12.Ke2 Nxa6 13.Bg2 Rb8 14.a3 Bxa5 15.Ra2 Nf6
16.Nd2 Bxd2 17.Kxd2 Kd7 18.a4 Kd6 19.a5 Nd7 20.Re1 Ndc5  0-1

[Event "Open"]
[Site "Reykjavik ISL"]
[Date "2002.03.11"]
[Round "5"]
[White "Neverov,V"]
[Black "Thorhallsson,T"]
[Result "1-0"]
[WhiteElo "2578"]
[BlackElo "2434"]

1.Nf3 d5 2.c4 dxc4 3.Na3 a6 4.Nxc4 b5 5.Ne3 Bb7 6.g3 e5 7.Bg2 e4 8.Nh4 Nf6
9.b3 Nbd7 10.Bb2 Bc5 11.O-O O-O 12.Qc2 Bd6 13.Nhf5 Be5 14.Bxe5 Nxe5 15.Rac1 Rc8
16.Qb2 Re8 17.d3 g6 18.Nh6+ Kf8 19.dxe4 Bxe4 20.Bxe4 Nxe4 21.f4 Qd2 22.Qxd2 Nxd2
23.Rfd1 Ndf3+ 24.exf3 Nxf3+ 25.Kf2 Nxh2 26.Rd7 Re7  1-0

[Event "Mediteran Cup WGM"]
[Site "Rijeka CRO"]
[Date "2002.03.11"]
[Round "3"]
[White "Pahor,A"]
[Black "Macek,V"]
[Result "1/2-1/2"]
[WhiteElo "2011"]
[BlackElo "2239"]

1.Nf3 d5 2.c4 c6 3.g3 Nf6 4.Bg2 a6 5.cxd5 cxd5 6.d4 e6 7.O-O Be7 8.Nc3 b5
9.a3 Bb7 10.Bg5 Nbd7 11.Bxf6 Bxf6 12.e3 O-O 13.Qd2 Qb6 14.Rfc1 Rfc8 15.Ne1 Be7
16.Nd3 Qd8 17.Ra2 Nb6 18.b3 h6 19.Bf3 Bd6 20.Kg2 Qe7 21.Nb1 Rxc1 22.Qxc1 a5
23.Rc2 a4 24.b4 Nc4 25.Nd2 Rd8 26.Kg1 Ba8 27.Bg2 h5 28.h4 g6 29.Nf3 Kg7 30.Rc3 f6
31.Nd2 e5 32.Nc5 e4 33.Nxc4 dxc4 34.Qb1 f5 35.Qd1 Bxc5 36.bxc5 Qxc5 37.Qb1 Qd5
38.Qb4 Rd7 39.Bf1 Bc6 40.Be2 Qd6 41.Qb2 Kh6 42.Rc1 Kh7 43.Rb1 Qe7 44.Kg2 Rc7
45.Qc3 Be8 46.Rd1 Qd6 47.Rc1 Rg7 48.Rh1 Bc6 49.Rd1 Rb7 50.Rb1 Ra7 51.Rb2 Be8
52.Rb4 Qd8 53.Rb1 Qa5 54.Rb4 Rc7 55.Kh3 Rc8 56.Kh2 Qd8 57.Kg2 Bd7 58.Rb1 Kg8
59.Rh1 Kf7 60.Rb1 Qe7 61.Rb4 Ke8 62.Rb1 Kd8 63.Qa5+ Ke8 64.Qc3 Qf6 65.Rb4 Ke7
66.Rb1 Rg8 67.Rh1 Qd6 68.Rd1 Be8 69.Rh1 Kd7 70.Qb2 Kc7 71.Qc3 Bc6 72.Qa5+ Kb7
73.Qc3 Bd5 74.Rb1 Ka6 75.Rh1 Qe7 76.Qb2 Qd6 77.Qc3 Rb8 78.Rb1  1/2-1/2

[Event "Mediteran Cup WGM"]
[Site "Rijeka CRO"]
[Date "2002.03.12"]
[Round "5"]
[White "Pahor,A"]
[Black "Trtanj,T"]
[Result "0-1"]
[WhiteElo "2011"]
[BlackElo "2187"]

1.Nf3 d5 2.c4 c6 3.g3 Nf6 4.Bg2 Bf5 5.b3 e6 6.Bb2 Bc5 7.O-O O-O 8.d3 Nbd7
9.Nbd2 h6 10.Qc2 Qe7 11.e4 dxe4 12.dxe4 Bh7 13.Nd4 Rad8 14.Bc3 Bb6 15.Rae1 a5
16.Kh1 Nc5 17.N4f3 Nd3 18.Re2 Ng4 19.h3 Ndxf2+ 20.Rfxf2 Nxf2+ 21.Kh2 Nd3
22.Qd1 Rd7 23.e5 Rfd8 24.Qf1 Nc5 25.Qa1 Bg6 26.b4 axb4 27.Bxb4 Qe8 28.Bxc5 Bxc5
29.Nb3 Qe7 30.a4 Rd1 31.Qb2 Rb1 32.Qa2 Rdd1 33.a5 Bg1+ 34.Nxg1 Rxg1 35.c5 Qg5
36.Nd2 Ra1 37.Qb2 Bh5 38.Rf2 Qe3 39.Nf1 Raxf1 40.Rxf1 Rxf1 41.Bxf1 Qxc5 42.a6 bxa6
43.Bxa6 Bg6 44.Qe2 Qc2 45.Kg2 Kf8 46.Qxc2 Bxc2 47.Kf3 Ke7 48.Ke3 Ba4 49.Bd3 c5
50.Bc4 Bc6 51.g4 g5 52.Kf2 f6 53.exf6+ Kxf6 54.Kg3 Ke5 55.h4 Bd5 56.Bd3 Kd4  0-1

[Event "Mediteran Cup WGM"]
[Site "Rijeka CRO"]
[Date "2002.03.14"]
[Round "7"]
[White "Franciskovic,B"]
[Black "Lakos,N"]
[Result "1/2-1/2"]
[WhiteElo "2050"]
[BlackElo "2306"]

1.Nf3 d5 2.c4 c6 3.g3 dxc4 4.Qc2 b5 5.a4 Bb7 6.b3 cxb3 7.Qxb3 a6 8.Bg2 e6
9.Ba3 Bxa3 10.Nxa3 Ne7 11.O-O Nd7 12.d4 Rb8 13.Rac1 Nb6 14.Ne5 Qxd4 15.Nxc6 Nxc6
16.Bxc6+ Bxc6 17.Rxc6 bxa4 18.Qc2 O-O 19.Rd1 Qb4 20.Rb1 Qxa3 21.Rbxb6 g6
22.Rxa6 Rb2 23.Qxa4 Qxa4 24.Rxa4 Rxe2 25.Rc7 Re5 26.h4 Rb8 27.Rf4 Rf5 28.Rxf5 gxf5
29.Kg2 Rb3 30.Ra7 Kg7 31.Rc7 e5 32.Rc5 f6 33.Rc7+ Kg6 34.Re7 h6 35.Rc7 Rb4
36.Re7 Rg4 37.Re8 f4 38.Rg8+ Kh5 39.Rf8 fxg3 40.fxg3 Kg6 41.Rg8+ Kf5 42.Rh8 Kg6
43.Rg8+ Kh5 44.Rf8 Kg6 45.Rg8+ Kf5 46.Rh8 Kg6 47.Rg8+  1/2-1/2

[Event "Supercom Cup"]
[Site "Bucharest ROM"]
[Date "2002.03.18"]
[Round "2"]
[White "Grunberg,M"]
[Black "Musat,A"]
[Result "1-0"]
[WhiteElo "2463"]
[BlackElo "2414"]

1.Nf3 d5 2.c4 d4 3.e3 c5 4.exd4 cxd4 5.d3 f6 6.g3 e5 7.Bg2 Ne7 8.b4 Nf5 9.O-O h5
10.h4 Kf7 11.b5 a6 12.Nbd2 Be7 13.Nb3 axb5 14.cxb5 Ra4 15.Nfd2 Qb6 16.Bd5+ Kg6
17.Be4 Kf7 18.Bd5+ Kg6 19.Qf3 Nd6 20.Nc4 Qxb5 21.Ba3 Bg4 22.Qg2 Nxc4 23.Bxc4 Qd7
24.Bxe7 Qxe7 25.f4 Nc6 26.Bb5 Raa8 27.Rae1 Qd6 28.fxe5 Nxe5 29.Qe4+ Kh6 30.Nxd4 Rad8
31.Nf5+ Bxf5 32.Qf4+ Kh7 33.Qxf5+ Kh6 34.Qf4+ Kh7 35.Qe4+ Kh6 36.Qe3+ Kh7
37.Rf5 g6 38.Rf4 Kg7  1-0

[Event "Masters"]
[Site "Pinamar ARG"]
[Date "2002.03.21"]
[Round "2"]
[White "Ricardi,P"]
[Black "Pavasovic,D"]
[Result "1/2-1/2"]
[WhiteElo "2544"]
[BlackElo "2547"]

1.Nf3 d5 2.c4 e6 3.d4 c6 4.Qc2 Nf6 5.g3 dxc4 6.Qxc4 b5 7.Qc2 Bb7 8.Bg2 Nbd7
9.Be3 Be7 10.O-O Nd5 11.Bd2 c5 12.Nc3 Nxc3 13.bxc3 O-O 14.Rfd1 Nf6 15.Bg5 Qb6
16.Bxf6 Bxf6 17.a4 cxd4 18.cxd4 Rac8 19.Qd3 b4 20.a5 Qd6  1/2-1/2

[Event "Supercom Cup"]
[Site "Bucharest ROM"]
[Date "2002.03.22"]
[Round "6"]
[White "Grunberg,M"]
[Black "Bets,A"]
[Result "1-0"]
[WhiteElo "2463"]
[BlackElo "2383"]

1.Nf3 d5 2.c4 c6 3.Qc2 e6 4.b3 Nf6 5.g3 Be7 6.Bg2 O-O 7.O-O b6 8.d4 Bb7 9.Rd1 Nbd7
10.Nc3 Rc8 11.e4 Ba6 12.Bb2 Qc7 13.Nd2 Rfd8 14.Rac1 Qb8 15.e5 Ne8 16.f4 Nf8
17.a4 Rd7 18.Qb1 Nc7 19.Nf1 Bb7 20.cxd5 Nxd5 21.Nxd5 cxd5 22.Rxc8 Qxc8 23.Ne3 Rc7
24.h4 Ba6 25.Bf1 Bxf1 26.Kxf1 Nd7 27.Rc1 Rxc1+ 28.Qxc1 Qxc1+ 29.Bxc1 Nb8
30.Nc2 Nc6 31.Bd2 Na5 32.b4 Nc4 33.Bc3 Kf8 34.Ke2 a5 35.bxa5 bxa5 36.Na1 Bd8
37.Nb3  1-0

[Event "57th ch-YUG"]
[Site "Banja Koviljaca YUG"]
[Date "2002.03.23"]
[Round "7"]
[White "Arsovic,G"]
[Black "Blagojevic,D"]
[Result "0-1"]
[WhiteElo "2437"]
[BlackElo "2508"]

1.Nf3 d5 2.c4 e6 3.d4 Nf6 4.Nc3 Nbd7 5.Bg5 c6 6.e3 Qa5 7.Nd2 dxc4 8.Bxf6 Nxf6
9.Nxc4 Qc7 10.Rc1 Be7 11.Be2 O-O 12.a3 Rd8 13.b4 Nd5 14.Qb3 Bd7 15.O-O Be8
16.Rfd1 Rac8 17.Bf3 b6 18.g3 Qb8 19.Rb1 a6 20.Ne5 Qa7 21.Rdc1 Rc7 22.Rc2 Rdc8
23.Rbc1 Nxc3 24.Qxc3 c5 25.bxc5 bxc5 26.Qa5 Bd6 27.Be2 cxd4 28.Rxc7 Rxc7
29.Rd1 f6 30.Nc4 Bf8 31.Rxd4 Rc5 32.Qd8 Bb5 33.a4 Bxa4 34.Nb6 Rc1+ 35.Kg2 Bc6+
36.e4 Qe7 37.Qb8 f5 38.f3 fxe4 39.fxe4 Rc2 40.Kf1 Qf6+  0-1

[Event "Supercom Cup"]
[Site "Bucharest ROM"]
[Date "2002.03.24"]
[Round "7"]
[White "Badea,B"]
[Black "Ionescu,Co"]
[Result "1/2-1/2"]
[WhiteElo "2477"]
[BlackElo "2481"]

1.Nf3 d5 2.c4 c6 3.d4 Nf6 4.cxd5 cxd5 5.Nc3 Nc6 6.Bf4 Bf5 7.e3 e6 8.Bd3 Bxd3
9.Qxd3 Bd6 10.Bxd6 Qxd6 11.O-O O-O 12.Rac1  1/2-1/2

[Event "Economic Faculty"]
[Site "Subotica YUG"]
[Date "2002.03.27"]
[Round "2"]
[White "Bistric,F"]
[Black "Sedlak,N"]
[Result "0-1"]
[WhiteElo "2486"]
[BlackElo "2442"]

1.Nf3 d5 2.c4 d4 3.d3 g6 4.b4 Bg7 5.g3 e5 6.Nbd2 Ne7 7.Bg2 O-O 8.O-O a5 9.b5 c5
10.bxc6 Nexc6 11.Rb1 Na6 12.Ne1 Re8 13.Nc2 Bf8 14.a3 Nc5 15.Ne4 Ne6 16.e3 f5
17.Nd2 dxe3 18.Nxe3 Nc5 19.Bd5+ Be6 20.Nf3 a4 21.Bb2 Bg7 22.d4 exd4 23.Nxd4 Nxd4
24.Bxd4 Bxd4 25.Qxd4 Nb3 26.Qb2 Bxd5 27.Nxd5 Ra6 28.Rfe1 Ree6 29.Re2 Nc5
30.Rd1 Rxe2 31.Qxe2 Re6 32.Qb2 Kf7 33.Qd4 b6 34.Rb1 Nb3 35.Qf4 Qd6 36.Qh4 Kg7
37.Rd1 Re4 38.Qh3 Rxc4 39.Ne3 Rd4 40.Re1 f4 41.Ng4 h5 42.Ne5 Rd1 43.Qf1 Rxe1
44.Qxe1 fxg3 45.hxg3 Qd4 46.Kg2 Nd2 47.f3 Nb3 48.Kh3 Qa1 49.Nd3 Qxe1 50.Nxe1 Nd4
51.Kg2 b5 52.Kf2 b4 53.Nd3 Nc2 54.axb4 a3 55.Nc1 Nxb4 56.Ke2 a2 57.Nb3 Nc2
58.Kd2 a1=Q 59.Nxa1 Nxa1 60.Kc3 g5  0-1

[Event "6th Neckar Open"]
[Site "Deizisau GER"]
[Date "2002.03.31"]
[Round "7"]
[White "Reuss,A"]
[Black "Haba,P"]
[Result "1/2-1/2"]
[WhiteElo "2352"]
[BlackElo "2496"]

1.Nf3 d5 2.c4 c6 3.cxd5 cxd5 4.d4 Nf6 5.Bf4 Nc6 6.Nc3 Bf5 7.e3 e6 8.Bb5 Nd7
9.Qa4 Qb6 10.O-O Be7 11.e4 Bxe4 12.Nxe4 dxe4 13.Nd2 O-O 14.Nc4 Qxd4 15.Rfd1 Nc5
16.Rxd4 Nxa4 17.Rd7 Nc5 18.Bxc6 Nxd7 19.Bxd7 Rfd8 20.Ba4 Rac8 21.Bb3 b5 22.Nd2 a5
23.a4 bxa4 24.Bxa4 Bf6 25.Rb1 Rd4 26.b3 Rcd8 27.Nf1 Rd1 28.Rxd1 Rxd1 29.g4 Bd4
30.Kg2 Rb1 31.Be3 Rd1 32.Bxd4 Rxd4 33.Ne3 g6 34.Nc4 Rd5 35.Kg3 f5 36.Kf4 Kg7
37.Ke3 Kf6 38.Nb6 Rd3+ 39.Ke2 f4 40.Nd7+ Ke7 41.Nc5 Rh3 42.Nxe4 Rxh2 43.g5 Rh3
44.f3 Rh1 45.Bb5 h6  1/2-1/2

[Event "Economic Faculty"]
[Site "Subotica YUG"]
[Date "2002.04.01"]
[Round "7"]
[White "Bistric,F"]
[Black "Scekic,M"]
[Result "1-0"]
[WhiteElo "2486"]
[BlackElo "2444"]

1.Nf3 d5 2.c4 d4 3.d3 g6 4.g3 Bg7 5.b4 a5 6.b5 e5 7.Ba3 Ne7 8.Nbd2 O-O 9.Bg2 h6
10.O-O Be6 11.Ne1 Ra7 12.Nc2 Re8 13.Re1 Nd7 14.e3 dxe3 15.Nxe3 c6 16.Ne4 Nc8
17.Rb1 f5 18.bxc6 bxc6 19.Nc5 Nxc5 20.Bxc5 Rc7 21.Qa4 f4 22.Nf1 Qxd3 23.Qxa5 Rf7
24.Bxc6 Bd7 25.Bd5 Be6 26.Qb5 Bd7 27.Qxd7  1-0